[Event "Druga liga Srbije grupa Vojvodina 2013"]
[Site "Stari Banovci"]
[Date "2013.11.05"]
[Round "2.6"]
[White "Mujagic, Ramo"]
[Black "Runic, Zoran"]
[Result "1-0"]
[WhiteElo "2285"]
[BlackElo "2424"]
[PlyCount "99"]
[EventDate "2013.11.04"]

1. e4 e5 2. Nf3 d6 3. d4 Nd7 4. Bc4 c6 5. O-O exd4 6. Qxd4 Nc5 7. Bg5 f6 8. Bh4
Nh6 9. Nc3 b5 10. Be2 Nf7 11. a4 Ne6 12. Qd2 b4 13. Nd1 a5 14. Bg3 Bd7 15. Ne3
Nc5 16. Bd3 g6 17. Nd4 Bh6 18. Nb3 Ne6 19. f4 O-O 20. Ng4 Bg7 21. f5 gxf5 22.
exf5 Nc7 23. Bc4 d5 24. Bd3 h5 25. Nf2 Ne5 26. Nh3 Qe7 27. Bf2 Ng6 28. Rae1 Qf7
29. Bb6 Rfd8 30. Nf4 Bf8 31. h3 Ne5 32. Ng6 Bd6 33. Bc5 Ne8 34. Bxd6 Nxd6 35.
Nxe5 fxe5 36. Qg5+ Qg7 37. Qxg7+ Kxg7 38. f6+ Kf8 39. Nc5 Be8 40. Rxe5 Ra7 41.
b3 Bf7 42. g4 Be8 43. Kg2 h4 44. Kf3 Bf7 45. Kf4 Be8 46. g5 Nf7 47. Ree1 Nh8
48. Rxe8+ Rxe8 49. g6 Kg8 50. Bf5 1-0

[Event "Druga liga Srbije grupa Vojvodina 2013"]
[Site "Stari Banovci"]
[Date "2013.11.05"]
[Round "2.6"]
[White "Radusinovic, Lazar"]
[Black "Grujic, Zoran"]
[Result "1-0"]
[WhiteElo "2281"]
[BlackElo "2322"]
[PlyCount "89"]
[EventDate "2013.11.04"]

1. d4 Nf6 2. Nf3 g6 3. g3 Bg7 4. Bg2 O-O 5. O-O d6 6. a4 Na6 7. Nc3 c5 8. h3 d5
9. Be3 Ne4 10. Nb5 b6 11. Nd2 cxd4 12. Bxd4 e5 13. Nxe4 exd4 14. Nd2 d3 15. c3
dxe2 16. Qxe2 Nc5 17. Rfd1 Re8 18. Qf3 Be6 19. Nd4 Qd7 20. Nxe6 fxe6 21. a5 b5
22. Qe2 Qc7 23. Nf3 a6 24. Qc2 Rac8 25. h4 Ne4 26. Nd4 Bxd4 27. Rxd4 Nf6 28.
Rd2 b4 29. Rd3 Qc5 30. Qd2 Rb8 31. Qg5 Rf8 32. Re3 bxc3 33. bxc3 Rb2 34. Rf1
Qd6 35. h5 Kg7 36. h6+ Kg8 37. Rf3 e5 38. Re1 e4 39. Rf4 Rb5 40. Rd1 Qe6 41.
Bf1 Rc5 42. c4 Kh8 43. cxd5 Qd6 44. Rb1 Rxd5 45. Rxf6 1-0

[Event "Druga liga Srbije grupa Vojvodina 2013"]
[Site "Stari Banovci"]
[Date "2013.11.05"]
[Round "2.6"]
[White "Cabarkapa, Velibor"]
[Black "Elez, Nikola"]
[Result "1/2-1/2"]
[WhiteElo "2289"]
[BlackElo "2217"]
[PlyCount "73"]
[EventDate "2013.11.04"]

1. e4 c5 2. Nf3 d6 3. Nc3 Nf6 4. g3 Nc6 5. Bg2 g6 6. O-O Bg7 7. d3 O-O 8. h3
Rb8 9. Be3 b5 10. Qd2 Re8 11. e5 b4 12. exf6 bxc3 13. fxe7 Qa5 14. bxc3 Bxc3
15. Qd1 Nxe7 16. Ng5 d5 17. Bf4 Rb4 18. Bd2 Rb2 19. Bf4 f6 20. Nf3 Be6 21. d4
Nc6 22. Be3 c4 23. g4 Rxa2 24. Rb1 Rb2 25. Rxb2 Bxb2 26. Qb1 Qb6 27. Rd1 a5 28.
Qa2 Ra8 29. Nd2 Qb5 30. Nxc4 Nb4 31. Qxb2 Qxc4 32. c3 Qa2 33. Rb1 Qxb2 34. Rxb2
Nd3 35. Rd2 Ne1 36. Bh1 Rb8 37. Ra2 1/2-1/2

[Event "Druga liga Srbije grupa Vojvodina 2013"]
[Site "Stari Banovci"]
[Date "2013.11.05"]
[Round "2.6"]
[White "Indjic, Stefan"]
[Black "Krejic, Igor"]
[Result "1/2-1/2"]
[WhiteElo "2097"]
[BlackElo "2216"]
[PlyCount "43"]
[EventDate "2013.11.04"]

1. e4 d6 2. d4 Nf6 3. Nc3 e5 4. Nf3 Nbd7 5. Bc4 h6 6. O-O Be7 7. Re1 O-O 8. h3
c6 9. a4 a5 10. b3 d5 11. exd5 Bb4 12. Bd2 exd4 13. Nxd4 Nb6 14. Bd3 Nbxd5 15.
Nde2 Bc5 16. Nxd5 Nxd5 17. Nf4 Qf6 18. Qf3 Nxf4 19. Qxf4 Qxf4 20. Bxf4 Be6 21.
Rad1 Rfd8 22. Be4 1/2-1/2

[Event "Druga liga Srbije grupa Vojvodina 2013"]
[Site "Stari Banovci"]
[Date "2013.11.05"]
[Round "2.6"]
[White "Dimitrijevic, Nenad"]
[Black "Zobenica, Ivan"]
[Result "1-0"]
[WhiteElo "2197"]
[BlackElo "2064"]
[PlyCount "47"]
[EventDate "2013.11.04"]

1. e4 c5 2. Nf3 e6 3. d4 cxd4 4. Nxd4 Nf6 5. Bd3 d6 6. O-O Be7 7. c4 O-O 8. Nc3
a6 9. h3 Nc6 10. Be3 Qc7 11. Rc1 b6 12. Nd5 exd5 13. cxd5 b5 14. Nxc6 Bb7 15.
Nd4 Qd8 16. Nf5 Rc8 17. Bd4 g6 18. Nh6+ Kg7 19. Qd2 Rxc1 20. Rxc1 Re8 21. Qf4
Qa5 22. g4 Qa4 23. Bxf6+ Bxf6 24. g5 1-0

[Event "Druga liga Srbije grupa Vojvodina 2013"]
[Site "Stari Banovci"]
[Date "2013.11.05"]
[Round "2.6"]
[White "Gavric, Zivojin"]
[Black "Banovic, Ivan"]
[Result "1/2-1/2"]
[WhiteElo "2124"]
[BlackElo "2170"]
[PlyCount "69"]
[EventDate "2013.11.04"]

1. e4 c5 2. Nc3 Nc6 3. g3 g6 4. Bg2 Bg7 5. d3 e6 6. f4 d6 7. Nf3 Nge7 8. O-O
O-O 9. Be3 Nd4 10. e5 Nef5 11. Bf2 Nxf3+ 12. Qxf3 Nd4 13. Qd1 dxe5 14. fxe5
Bxe5 15. Ne4 f5 16. Nxc5 Qd6 17. b4 Nc6 18. Rb1 Bd4 19. Qd2 Rb8 20. c3 Bg7 21.
d4 b6 22. Nd3 Bb7 23. Rbd1 Rfe8 24. Rfe1 Ba6 25. Be3 e5 26. d5 Ne7 27. Nb2 Rbc8
28. a4 Rf8 29. b5 Bb7 30. c4 f4 31. gxf4 Nf5 32. Bf2 exf4 33. Bh3 Qf6 34. Bxf5
Qxf5 35. Bd4 1/2-1/2